The Last Of Us - Statistics

Estatísticas Gerais
  • Esse quiz foi jogado 56 vezes
  • A pontuação média é 8 de 13
Estatísticas das Respostas
Imagem Resposta % Correto
Ellie Williams
100%
Joel Miller
93%
Abby Anderson
84%
Sarah Miller
74%
Dina Woodward
72%
Marlene
63%
Tess
63%
Lev
58%
Mel
47%
Owen
44%
Tommy MIller
44%
Yara
40%
Manny
35%
Nenhum quiz correspondente encontrado
Distribuição das Pontuações
Porcentagem de Pessoas com Cada Pontuação
Percentil de Números Respondidos
Sua Pontuação Histórica
Você não jogou esse quiz